Guess The Infinity Train Character - Statistics

General Stats
  • This quiz has been taken 130 times
  • The average score is 19 of 27
Answer Stats
Hint Answer % Correct
The Conductor Before He Has 2 Personalities One
100%
Named After A Flower Tulip
100%
The Real Conductor One-One
93%
Co Leader Of The APEX Simon
91%
The Fake Conductor Amelia
89%
The Boy Friends With The Mirror Girl Jesse
89%
Leader Of The APEX Grace
88%
A Mirror Of The Person Named After The Flower Lake
88%
Gorilla That Takes Care Of The Human/Turtle Girl Tuba
88%
The King Of Corgis Atticus
87%
The Mirror Person's Initials MT
86%
A Magical Deer Alan Dracula
84%
Half Human And Half Turtle Girl Hazel
82%
A Rock Star Who's Friends With A Dumpty's Restaurant Worker Ryan
80%
A Very Persuasive Cat Samantha
80%
Works At Dumpty's Restaurant And Friends With A Rock Star Min
79%
A Floating Bell Kez
73%
The Fake Conductors Dead Husband Alrick
57%
A Water Droplet That Sells Things *Donut Holer* Randall
57%
The Living Castle Morgan
51%
You Can Call Him ___ Because He's Your Boy Roy
45%
The Robot That Has Tentacles And Helps Run The Train Steward
40%
A Person Who Took Care Of The Castle Jeremy
39%
A Giant Pig That Loves To Eat Pig Baby
37%
The Parasite That Took Over The Magical Deer's Mind Perry
35%
Helps The Giant Pig Cow Creamer
26%
Guards The Party Bouncer
15%
No matching quizzes found
Score Distribution
Percent of People with Each Score
Percentile by Number Answered
Your Score History
You have not taken this quiz